000 01291nam a2200241 a 4500
001 001013263
003 AM-YEHGA
005 20251125143914.0
008 140415s1941 ru r 000 0 rus d
040 _aAM-YEHGA
041 0 _arus
245 0 0 _aИстория СССР с древнейших времен до конца XIX в. :
_bСписок рекомендательной литературы и основных пособий /
_cСост. О.И. Шведова, Е.С. Зевакин, Е.В. Данилевская; Под ред. С.М. Абалина; Гос. б-ка СССР им. В.И. Ленина, Научно-библиогр. отд.
260 _aМ. :
_bКрасное Знамя,
_c1941.
300 _a112 с. ;
_c21 см.
504 _aУказ. авт.: с. 104-110
650 1 4 _aИстория СССР
_vОтраслевые библиографии
700 1 _aЗевакин, Е.С.
_eсост.
_4com
700 1 _aШведова, О.И.
_eсост.
_4com
700 1 _aДанилевская, Е.В.
_eсост.
_4com
700 1 _aАбалин, С.М.
_eред.
_4edt
710 2 _aГосударственная библиотека СССР им. В.И. Ленина.
_bНаучно-библиографический отдел
942 _2udc
_cBK
999 _c536693
_d536693